000 00704nam a2200241Ia 4500
003 OSt
005 20220926010517.0
006 a|||||r|||| 00| 0
007 ta
008 220923b |||||||| |||| 00| 0 eng d
020 _a8188965162
037 _cGeneral Book
040 _aRTL
_cRTL
_beng
041 _2eng
_aeng
082 _aY15-73(Q7).2.P, P5
100 _aHasan Zoya
_928268
245 0 _aEducating muslim girls
_b A comparison of five Indian cities
260 _a New Delhi
_bWomen unlimited
_c2005
300 _axi,186p
_ccm.
700 _a Menon Ritu
_926652
942 _hY15-73(Q7).2.P, P5
_cGB
_2CC
999 _c617447
_d617447